Calificación e instalación de un analizador termogravimétrico en el laboratorio de caraterización, pruebas y analisis de materiales en el Coyol de Alajuela
Bewaard in:
| Hoofdauteur: | |
|---|---|
| Formaat: | Boek |
| Taal: | Spanish |
| Gepubliceerd in: |
San José, Costa Rica
2015
|
| Onderwerpen: | |
| Tags: |
Voeg label toe
Geen labels, Wees de eerste die dit record labelt!
|
MARC
| LEADER | 00000nam a22000007a 4500 | ||
|---|---|---|---|
| 003 | 012278 | ||
| 005 | 20221231143925.0 | ||
| 008 | 151027b2015 cr a|||| |||| 00| 0 spa d | ||
| 040 | |c cru CEDI | ||
| 090 | |a TFG 7442 | ||
| 100 | |9 1827 |a Solís Cordero, Andrea | ||
| 245 | |a Calificación e instalación de un analizador termogravimétrico en el laboratorio de caraterización, pruebas y analisis de materiales en el Coyol de Alajuela | ||
| 260 | |a San José, Costa Rica |c 2015 | ||
| 500 | |a Práctica Dirigida (licenciatura en ingeniería química)--Universidad de Costa Rica. Facultad de Ingeniería. Escuela de Ingeniería Química | ||
| 650 | |x LABORATORIOS |x EQUIPO Y ACCESORIOS |x NORMAS |9 1828 | ||
| 942 | |c TFG | ||
| 999 | |c 14291 |d 14291 | ||
